Expanding approaches to thematic analysis : (Record no. 51960)

MARC details
000 -LEADER
fixed length control field 00661nam a2200217Ia 4500
005 - DATE AND TIME OF LATEST TRANSACTION
control field 20260429112027.0
008 - FIXED-LENGTH DATA ELEMENTS--GENERAL INFORMATION
fixed length control field 260429s9999||||xx |||||||||||||| ||und||
020 ## - INTERNATIONAL STANDARD BOOK NUMBER
International Standard Book Number 9781032484532
041 ## - LANGUAGE CODE
Language English
082 ## - DEWEY DECIMAL CLASSIFICATION NUMBER
Classification number 150.72
Item number WOL
100 ## - MAIN ENTRY--PERSONAL NAME
Personal name Wolgemuth, Jennifer R.
245 #0 - TITLE STATEMENT
Title Expanding approaches to thematic analysis :
Remainder of title creative engagements with qualitative data /
Statement of responsibility, etc Jennifer R. Wolgemuth
250 ## - EDITION STATEMENT
Edition statement 1st ed.
260 ## - PUBLICATION, DISTRIBUTION, ETC. (IMPRINT)
Place of publication, distribution, etc United Kingdom :
Name of publisher, distributor, etc Routledge,
Date of publication, distribution, etc 2025.
300 ## - PHYSICAL DESCRIPTION
Extent xviii, 297 p.; pbk
650 ## - SUBJECT ADDED ENTRY--TOPICAL TERM
Topical term or geographic name as entry element Qualitative research
650 ## - SUBJECT ADDED ENTRY--TOPICAL TERM
Topical term or geographic name as entry element Psychology
700 ## - ADDED ENTRY--PERSONAL NAME
Personal name Guyotte, Kelly W.
700 ## - ADDED ENTRY--PERSONAL NAME
Personal name Shelton, Stephanie Anne
942 ## - ADDED ENTRY ELEMENTS (KOHA)
Koha item type Text Books
Holdings
Withdrawn status Lost status Damaged status Not for loan Collection code Home library Location Shelving location Date of Cataloging Source of acquisition Total Checkouts Full call number Barcode Date last seen Price effective from Koha item type
        Non-fiction CUTN Central Library CUTN Central Library Philosophy & psychology 29/04/2026 Overseas Press, New Delhi - Invoice No. IN32831 on 09-02-2026   150.72 WOL 57001 29/04/2026 29/04/2026 Text Books